000 00421nam a22001697a 4500
005 20160616115335.0
008 160616b xxu||||| |||| 00| 0 eng d
020 _a0978-0-07-015257-1
041 _aeng
082 _b7952
100 _aM.S. Saiyadein and others
_92086
245 _aOrganisational Behaviour and Human resource Management
260 _bTMH
300 _a151
650 _aManagement
_9241
942 _cBK
999 _c2921
_d2920